Ruta : 1938-1939 : números 7-12, diciembre de 1938-mayo de 1939 /

Revista literaria mensual que, dirigida por José Mancisidor, publicó 12 números, entre junio de 1938 y mayo de 1939. Funcionó con el mismo comité de redacción de principio a fin, comité que incluía a Emilio Abreu Gómez, Mario Pavón Flores, Germán List Arzubide, Carlos Zapata Vela, Lorento Turrent Ro...

Ausführliche Beschreibung

Gespeichert in:
Bibliographische Detailangaben
Weitere Verfasser: Mancisidor, José (dirección) (dirección)
Format: Buch
Sprache:Spanisch
Veröffentlicht: México : Fondo de Cultura Económica, 1982, c1982
Schriftenreihe:(Revistas Literarias Mexicanas Modernas)
Schlagworte:
Tags: Tag hinzufügen
Keine Tags, Fügen Sie das erste Tag hinzu!

MARC

LEADER 00000nam^a2200000^a^4500
001 000154640
005 20251125000000.0
009 20260310100401.462
020 |a 968-16-1261-2 
020 |a 968-16-1259-0 
037 |a Acervo ITESO - Biblioteca 
041 |a ESP 
082 |a 805.  |b REV RUT 1938-1939 V. 7-12 
240 1 1 |a [Revistas Literarias Mexicanas Modernas] 
240 1 1 |a [Ruta] 
245 0 0 |a Ruta :  |b 1938-1939 : números 7-12, diciembre de 1938-mayo de 1939 /  |c Dir. de J. Mancisidor. 
264 4 |a México :  |b Fondo de Cultura Económica,  |c 1982, c1982 
300 |a 413 p. 
336 |a texto  |b txt  |2 rdacontenido 
337 |a sin mediación  |b n  |2 rdamedio 
338 |a volumen  |b nc  |2 rdasoporte 
440 1 |a (Revistas Literarias Mexicanas Modernas) 
520 |a Revista literaria mensual que, dirigida por José Mancisidor, publicó 12 números, entre junio de 1938 y mayo de 1939. Funcionó con el mismo comité de redacción de principio a fin, comité que incluía a Emilio Abreu Gómez, Mario Pavón Flores, Germán List Arzubide, Carlos Zapata Vela, Lorento Turrent Rosas, Miguel Bustos Cerecedo, Adolfo López Mateos, Gabriel Fernández Ledesma, Leopoldo Méndez y José Chávez Morado. Incluye tanto creación como crítica. 
534 |a Reproducción facsimilar de la edición original 
649 |a XX 
650 |a Literatura -  |x Publicaciones Periódicas Mexicanas 
650 |a Cultura -  |x Publicaciones Periódicas Mexicanas 
650 |a Poesía Mexicana 
650 |a Cuentos Mexicanos 
650 |a Cuentos Ingleses 
650 |a Novela Rusa 
650 |a Literatura Mexicana 
650 |a Literatura Inglesa 
650 |a Literatura Rusa 
650 |a Poesía Chilena -  |x Historia y Crítica 
650 |a Literatura Chilena -  |x Historia y Crítica 
650 |a Poesía Mexicana -  |x Historia y Crítica 
650 |a Biografías -  |z México -  |x Historia y Crítica 
650 |a Literatura Mexicana -  |x Historia y Crítica 
650 |a Poesía Afroamericana -  |x Historia y Crítica 
650 |a Literatura Afroamericana -  |x Historia y Crítica 
650 |a Literatura Norteamericana -  |x Historia y Crítica 
650 |a Literatura Norteamericana -  |x Historia y Crítica 
650 |a Literatura Argentina -  |x Historia y Crítica 
650 |a Literatura Búlgara -  |x Historia y Crítica 
650 |a Literatura Ecuatoriana -  |x Historia y Crítica 
650 |a Literatura -  |x Estudio y Enseñanza 
650 |a Nueva York, EUA en la Literatura 
650 |a Racionalismo 
650 |a Filosofía Moderna 
650 |a Güiraldes, Ricardo 
650 |a Caldwell, Erskine 
650 |a Othón, Manuel José 
650 |a Ostrovski, Nikolai 
650 |a Descartes, René 
650 |a Publicaciones Periódicas Mexicanas 
600 |a Cruz, Juana Inés de la,  |c Sor 
700 |a Mancisidor, José  |e (dirección) 
910 |a Fondo General 
920 |a Impresos - Libros 
930 |a Colección General 
940 |a Literatura 
905 |a 101 
901 |a 0500086167  |b IT1  |c LIT  |u 20250521 
902 |a https://opac.biblio.iteso.mx/vufind/Record/000154640